000 00788nam a2200193Ia 4500
999 _c37411
_d37411
001 3370
003 GE_BSU
005 20190606185933.0
008 181216s1966|||| |||||||||||||| ||geo||
040 _cGE_BSU
041 _ageo
080 _a621.01(076.5) ო–73
100 _aოსიპოვა,ა.
_92218
245 _aლაბორატორიული პრაქტირუმი მექანიზმებსა და მანქანების თეორიაში /
_cა. ოსიპოვა
264 _aთბილისი :
_bსპი,
_c1966.
300 _a43 გვ .:
_bილ;
_c20 გვ.
_eნახაზ.
653 _aმექანიზმებისა და მანქანების თეორია
942 _cBK
_2udc